[Event "Regionalliga SO 1617"]
[Site "Bayern"]
[Date "2017.02.05"]
[Round "5.7"]
[White "Uhl, Enno"]
[Black "Reisser, Simon"]
[Result "0-1"]
[WhiteElo "1488"]
[BlackElo "1925"]
[PlyCount "48"]
[EventDate "2016.10.16"]
[EventType "team-tourn"]
[EventRounds "9"]
[EventCountry "GER"]
[SourceTitle "EXT 2019"]
[Source "ChessBase"]
[SourceDate "2018.10.10"]
[SourceVersion "1"]
[SourceVersionDate "2018.10.10"]
[SourceQuality "1"]
[WhiteTeam "Landshut"]
[BlackTeam "Trostberg"]
[WhiteTeamCountry "GER"]
[BlackTeamCountry "GER"]

1. d4 d5 2. Nf3 Nf6 3. Bg5 e6 4. Nbd2 Be7 5. e3 Nbd7 6. Bd3 c5 7. c3 h6 8. Bh4 b6 9. 0-0 Bb7 10. Bg3 Qc8 11. Rc1 Ba6 12. Bxa6 Qxa6 13. a3 c4 14. Ne5 Nxe5 15. Bxe5 0-0 16. f4 Nd7 17. Nf3 f6 18. f5 fxe5 19. fxe6 e4 20. exd7 exf3 21. Rxf3 b5 22. Rg3 Qe6 23. Qh5 Qf5 24. Qxh6 Qf2+ 0-1

[Event "Regionalliga SO 1415"]
[Site "Bayern"]
[Date "2015.02.01"]
[Round "6.8"]
[White "Uhl, Enno"]
[Black "Walesch, Rainer"]
[Result "0-1"]
[WhiteElo "1488"]
[BlackElo "1597"]
[PlyCount "50"]
[EventDate "2014.10.19"]
[EventType "team-tourn"]
[EventRounds "9"]
[EventCountry "GER"]
[SourceTitle "EXT 2018"]
[Source "ChessBase"]
[SourceDate "2017.10.13"]
[SourceVersion "1"]
[SourceVersionDate "2017.10.13"]
[SourceQuality "1"]
[WhiteTeam "Landshut"]
[BlackTeam "Tegernsee"]
[WhiteTeamCountry "GER"]
[BlackTeamCountry "GER"]

1. d4 Nf6 2. Nf3 d5 3. Bf4 e6 4. e3 c5 5. c3 Nc6 6. Bd3 c4 7. Bc2 Bd6 8. Bg3 Bxg3 9. fxg3 0-0 10. 0-0 Qb6 11. b3 cxb3 12. axb3 a6 13. Nbd2 Bd7 14. Kh1 Rac8 15. e4 Qc7 16. Rc1 Qb6 17. e5 Ne8 18. Bxh7+ Kxh7 19. Ng5+ Kg6 20. Qg4 f5 21. exf6 Nxf6 22. Rxf6+ gxf6 23. Nge4+ Kf7 24. Nd6+ Ke7 25. Nxc8+ Bxc8 0-1